000 00635nam a2200241Ia 4500
008 220216s9999 xx 000 0 und d
100 _aReju M J
245 0 _aPromising Hevea brasiliensis clones for the sub-tropical climate of Meghalaya
260 _bNatural Rubber Research
_c2007
300 _a50-55
500 _aSource Year: 2007
650 _aMeghalaya
650 _aNutrients
650 _aSub-tropical climate
650 _aTapping panel dryness
650 _aYield
700 _aNazeer M A
700 _aSingh R P
700 _aSOman T A
700 _aThapliyal A P
700 _aVarghese Y A
942 _cJS
999 _c65930
_d65930